J. M. W. Turner (Record no. 184255)

MARC details
000 -LEADER
campo de control de longitud fija 00752nam a2200229 i 4500
001 - NÚMERO DE CONTROL
campo de control 184255
003 - IDENTIFICADOR DE NÚMERO DE CONTROL
campo de control ES-MaACL
005 - FECHA Y HORA DE LA ÚLTIMA TRANSACCIÓN
campo de control 20231118190153.0
008 - DATOS DE LONGITUD FIJA--INFORMACIÓN GENERAL
campo de control de longitud fija 150601s2000 gw ao |||| |deng d
020 ## - NÚMERO INTERNACIONAL ESTÁNDAR DEL LIBRO
Número Internacional Estándar del Libro 3-8228-6325-4
080 ## - NÚMERO DE LA CLASIFICACIÓN DECIMAL UNIVERSAL
Número de la Clasificación Decimal Universal 929:75 Turner, J. M. W.
100 1# - ENTRADA PRINCIPAL--NOMBRE DE PERSONA
Nombre de persona Bockemühl, Michael.
9 (RLIN) 156933
245 10 - MENCIÓN DEL TÍTULO
Título J. M. W. Turner
Resto del título : 1751-1951 : the world of light and colour /
Mención de responsabilidad, etc. Michael Bockemühl.
246 34 - FORMA VARIANTE DEL TITULO
Título propio/Titulo breve Turner
260 ## - PUBLICACIÓN, DISTRIBUCIÓN, ETC.
Lugar de publicación, distribución, etc. Köln [Alemania] :
Nombre del editor, distribuidor, etc. Taschen,
Fecha de publicación, distribución, etc. [2000]
300 ## - DESCRIPCIÓN FÍSICA
Extensión 96 p. :
Otras características físicas il. col. y n., fot. ;
Dimensiones 23 x 19 cm.
500 ## - NOTA GENERAL
Nota general Cronología: p. 94-95.
600 14 - PUNTO DE ACCESO ADICIONAL DE MATERIA--NOMBRE DE PERSONA
Nombre de persona Turner, J. M. W.
9 (RLIN) 111732
852 ## - LOCALIZACIÓN
Ubicación ES-MaACL
Número de control de estantería A-13527
itemnumber 191240
Sublocalización o colección R.150301
Ubicación en estantería Depósito 1
Signatura antigua Olim: N-6527
942 ## - ELEMENTOS DE ENTRADA SECUNDARIOS (KOHA)
Fuente del sistema de clasificación o colocación Clasificación decimal universal
Tipo de ítem Koha Libro impreso
Holdings
Estatus retirado Estado de pérdida Fuente del sistema de clasificación o colocación Estado de daño No para préstamo Biblioteca de origen Biblioteca actual Ubicación en estantería Fecha de adquisición Fuente de adquisición Total de préstamos Signatura topográfica completa Código de barras Visto por última vez Precio de reemplazo Tipo de ítem Koha
    Clasificación decimal universal     Biblioteca del Ateneo de Madrid Biblioteca del Ateneo de Madrid Depósito 1 01/06/2015 Donación   A-13527 1193817 23/02/2023 23/02/2023 Libro impreso